À quel souverain correspond le règne. - Statistiques

Statistiques générales
  • Ce quiz a été pris 30 fois
  • Le résultat moyen est 14 sur 15
Statistiques - réponses
Question Réponse % Correct
768 à 814 Charlemagne
100%
481 à 511 Clovis I
100%
623 à 639 Dagobert I
100%
1515 à 1547 François I
100%
1559 à 1560 François II
100%
1226 à 1270 Louis IX
100%
1643 à 1715 Louis XIV
100%
1774 à 1792 Louis XVI
100%
1852 à 1870 Napoléon III
100%
751 à 768 Pépin III " le Bref "
100%
1180 à 1223 Philippe II
100%
1285 à 1314 Philippe IV
100%
1422 à 1461 Charles VII
75%
1804 à 1814 puis 1815 à 1815 Napoléon I
75%
1815 à 1815 Napoléon II
50%
Aucun quiz correspondant
Distribution des résultats
% des personnes avec chaque résultat
Percentile par nombre de réponses
Votre historique - résultats
Vous n’avez pas pris ce quiz